| 000 | 00991cam a22002655i 4500 | ||
|---|---|---|---|
| 999 |
_c3715 _d3715 |
||
| 003 | EG-ScBUE | ||
| 005 | 20210121131727.0 | ||
| 008 | 081009q2001 ua g 000 1 ara d | ||
| 017 | _a2001 / 5909 | ||
| 020 | _a9771113976 | ||
| 040 |
_aEG-ScBUE _bara _erda _cEG-ScBUE _dEG-ScBUE |
||
| 082 | 0 | 4 |
_a892.736 _bم ح ف _222 |
| 100 | 1 |
_aمحفوظ، نجيب، _d1911-2006، _eمؤلف. |
|
| 245 | 1 | 0 |
_aفتوة العطوف / _cنجيب محفوظ، الحائز على جائزة الدولة التقديرية، وجائزة نوبل العالمية للآداب لعام 1988. |
| 264 | 1 |
_aالقاهرة : _bمكتبة مصر، _c[2001] |
|
| 300 |
_a111 صفحة ؛ _c20 سم. |
||
| 336 |
_aنص _btxt _2rdacontent |
||
| 337 |
_aبدون وسيط _bn _2rdamedia |
||
| 338 |
_aمجلد _bnc _2rdacarrier |
||
| 490 | 0 | _aمطبوعات مكتبة مصر | |
| 650 | 7 |
_aالقصص العربية _yقرن 20. _2BUEsh |
|
| 651 | _2BUEsh | ||
| 653 |
_bARALIT _bGGEN _cJanuary2021 |
||
| 942 |
_cBB _2ddc |
||